000 00325nam a2200133Ia 4500
008 190216s9999||||xx |||||||||||||| ||und||
100 _aDavid P Shoemaker And Carl W Garland
245 0 _aExperiments In Physical Chemistry
250 _a2nd Ed.
260 _bNull
_c1967
300 _a490
650 _aChemistry
942 _cBK
999 _c2360
_d2360